[Event "SVK-chT 2324"]
[Site "Slovakia"]
[Date "2023.11.05"]
[Round "2.7"]
[White "Danada, Tomas"]
[Black "Blaho, Stefan"]
[Result "1-0"]
[WhiteElo "2214"]
[BlackElo "2051"]
[PlyCount "57"]
[EventDate "2023.11.04"]
[EventType "team-tourn"]
[EventRounds "11"]
[EventCountry "SVK"]
[SourceTitle "Mega2024 Update 01"]
[Source "Chessbase"]
[SourceDate "2023.11.12"]
[SourceVersion "1"]
[SourceVersionDate "2023.11.12"]
[SourceQuality "1"]
[WhiteTeam "Modra"]
[BlackTeam "Podhajska Aquamarin"]
[WhiteTeamCountry "SVK"]
[BlackTeamCountry "SVK"]

1. d4 d5 2. c4 c6 3. Nf3 Nf6 4. Nc3 dxc4 5. a4 Be6 6. e4 Na6 7. Be3 Nc7 8. Ne5 g6 9. g4 h5 10. g5 Ng4 11. Bf4 Bg7 12. Nf3 Qd7 13. h3 0-0-0 14. Be2 f6 15. hxg4 hxg4 16. Rxh8 Rxh8 17. Nh2 f5 18. e5 Nd5 19. Nxd5 Bxd5 20. Qc2 Qe6 21. Nf1 Rh1 22. Rc1 b5 23. axb5 cxb5 24. b3 Be4 25. Qc3 Qb6 26. Bxc4 Kd8 27. Bd5 Qb8 28. e6 b4 29. Bc7+ 1-0

[Event "EU-Cup 38th"]
[Site "Durres"]
[Date "2023.10.03"]
[Round "3.5"]
[White "Danada, Tomas"]
[Black "Balog, Imre1111"]
[Result "0-1"]
[WhiteElo "2233"]
[BlackElo "2622"]
[PlyCount "56"]
[EventDate "2023.10.01"]
[EventType "team-swiss"]
[EventRounds "7"]
[EventCountry "ALB"]
[SourceTitle "EXT 2024"]
[Source "ChessBase"]
[SourceDate "2023.10.10"]
[SourceVersion "1"]
[SourceVersionDate "2023.10.10"]
[SourceQuality "1"]
[WhiteTeam "Modra Javes"]
[BlackTeam "Ajka Sentimento"]
[WhiteTeamCountry "SVK"]
[BlackTeamCountry "HUN"]

1. d4 Nf6 2. c4 g6 3. Nc3 d5 4. cxd5 Nxd5 5. e4 Nxc3 6. bxc3 Bg7 7. Nf3 c5 8. Rb1 0-0 9. Be2 Nc6 10. d5 Na5 11. c4 b6 12. h4 e6 13. Bg5 Qd6 14. Qd2 exd5 15. cxd5 Re8 16. Bf4 Qf8 17. e5 Bg4 18. Qc3 Bxf3 19. Bxf3 Qd6 20. 0-0 Bxe5 21. Bxe5 Qxe5 22. Qxe5 Rxe5 23. Rfe1 Nc4 24. Rxe5 Nxe5 25. Re1 Nxf3+ 26. gxf3 Kf8 27. d6 Rd8 28. Re7 a5 0-1

[Event "CZE-chT 2223"]
[Site "Czech Republic"]
[Date "2023.02.18"]
[Round "7.4"]
[White "Danada, Tomas"]
[Black "Nguyen, Thai Dai Van"]
[Result "0-1"]
[WhiteElo "2315"]
[BlackElo "2634"]
[PlyCount "98"]
[EventDate "2022.10.15"]
[EventType "team-tourn"]
[EventRounds "11"]
[EventCountry "CZE"]
[SourceTitle "CBM 213 Extra"]
[Source "ChessBase"]
[SourceDate "2023.05.31"]
[SourceVersion "1"]
[SourceVersionDate "2023.05.31"]
[SourceQuality "1"]
[WhiteTeam "Hostalkova"]
[BlackTeam "Novoborsky"]
[WhiteTeamCountry "CZE"]
[BlackTeamCountry "CZE"]

1. d4 Nf6 2. c4 e6 3. Nf3 d5 4. Nc3 dxc4 5. e4 Bb4 6. Bxc4 Nxe4 7. 0-0 Nf6 8. Qa4+ Nc6 9. Ne5 Rb8 10. Bb5 0-0 11. Bxc6 bxc6 12. Bg5 h6 13. Nxc6 Bd7 14. Nxd8 Bxa4 15. Nxa4 Rfxd8 16. Be3 Nd5 17. Rfd1 Rb5 18. Rac1 Bd6 19. b3 Ra5 20. Bd2 Ra6 21. Kf1 Rb8 22. Rc2 Kf8 23. Ke2 Ke7 24. g3 Nb6 25. Nxb6 axb6 26. Kf3 Rba8 27. a4 b5 28. axb5 Rb6 29. Bf4 Rxb5 30. Bxd6+ cxd6 31. Rc7+ Kf6 32. Rd3 Ra3 33. Rcc3 Rf5+ 34. Kg2 Ra2 35. Rf3 Rd2 36. Rxf5+ Kxf5 37. Rc7 Kf6 38. Rc4 g5 39. Rb4 d5 40. Kf3 Rd1 41. Ke2 Rh1 42. Ra4 Rxh2 43. Ra1 h5 44. b4 h4 45. gxh4 Rxh4 46. Kd3 Rh3+ 47. Kc2 Rf3 48. b5 Ke7 49. Ra7+ Kd6 0-1

[Event "SVK-chT 2223"]
[Site "Slovakia"]
[Date "2022.12.10"]
[Round "3.7"]
[White "Joba, Arpad"]
[Black "Danada, Tomas"]
[Result "1/2-1/2"]
[WhiteElo "2073"]
[BlackElo "2315"]
[PlyCount "151"]
[EventDate "2022.10.22"]
[EventType "team-tourn"]
[EventRounds "11"]
[EventCountry "SVK"]
[SourceTitle "EXT 2024"]
[Source "ChessBase"]
[SourceDate "2023.10.10"]
[SourceVersion "1"]
[SourceVersionDate "2023.10.10"]
[SourceQuality "1"]
[WhiteTeam "Komarno"]
[BlackTeam "Modra"]
[WhiteTeamCountry "SVK"]
[BlackTeamCountry "SVK"]

1. e4 c5 2. Nf3 d6 3. c3 Nf6 4. Be2 Bd7 5. d3 Nc6 6. 0-0 e5 7. a4 Be7 8. Na3 0-0 9. Nc4 Re8 10. Bg5 Be6 11. Qc2 h6 12. Bh4 Qc7 13. Ne3 Rad8 14. Bxf6 Bxf6 15. c4 Nb4 16. Qd2 Kh7 17. h3 g6 18. Nd5 Nxd5 19. cxd5 Bd7 20. b4 cxb4 21. Qxb4 Rc8 22. Rfc1 Qb6 23. Qxb6 axb6 24. Rcb1 Bd8 25. Rb2 Rc5 26. Nd2 b5 27. axb5 Rxb5 28. Rxb5 Bxb5 29. Rb1 Ba6 30. Nc4 Bc7 31. Na3 Bb8 32. Rc1 Kg7 33. Kf1 Kf6 34. Rc3 Re7 35. Nc2 Rc7 36. Rxc7 Bxc7 37. f3 Bb6 38. g3 Bc5 39. Na1 b6 40. Nb3 Be3 41. Ke1 Ke7 42. Bf1 Kd7 43. Ke2 Bg1 44. f4 Kc7 45. Kd2 f5 46. fxe5 dxe5 47. Bg2 Bc8 48. Bf3 fxe4 49. dxe4 Bxh3 50. g4 Kd6 51. Be2 Bg2 52. Kd3 Bh2 53. Nd2 Bf4 54. Nf3 Bg3 55. Kc4 h5 56. gxh5 gxh5 57. Ng5 h4 58. Bg4 Bf1+ 59. Kb4 Ke7 60. Bh3 Be1+ 61. Kb3 Bxh3 62. Nxh3 b5 63. Kc2 Kd6 64. Kd1 Ba5 65. Ke2 Kc5 66. Ng5 Kd4 67. d6 b4 68. Nf3+ Kxe4 69. Nxh4 Kd5 70. Nf5 Kc4 71. Ne3+ Kb3 72. Kd3 Ka2 73. Nc4 b3 74. Ke4 b2 75. Nxb2 Kxb2 76. Kxe5 1/2-1/2

[Event "CZE-chT 2223"]
[Site "Czech Republic"]
[Date "2022.12.03"]
[Round "3.6"]
[White "Danada, Tomas"]
[Black "Pulpan, Jakub"]
[Result "0-1"]
[WhiteElo "2315"]
[BlackElo "2408"]
[PlyCount "102"]
[EventDate "2022.10.15"]
[EventType "team-tourn"]
[EventRounds "11"]
[EventCountry "CZE"]
[SourceTitle "CBM 213 Extra"]
[Source "ChessBase"]
[SourceDate "2023.05.31"]
[SourceVersion "1"]
[SourceVersionDate "2023.05.31"]
[SourceQuality "1"]
[WhiteTeam "Hostalkova"]
[BlackTeam "Lysa nad Labem"]
[WhiteTeamCountry "CZE"]
[BlackTeamCountry "CZE"]

1. d4 Nf6 2. Nf3 e6 3. Bf4 c5 4. e3 Nc6 5. Nbd2 d5 6. c3 Bd6 7. Bg3 0-0 8. Bd3 b6 9. Qe2 Bb7 10. e4 Be7 11. e5 Nh5 12. a3 a5 13. h4 Nxg3 14. fxg3 f5 15. exf6 Rxf6 16. 0-0 cxd4 17. Bxh7+ Kh8 18. cxd4 Rh6 19. Bd3 Bf6 20. Ne5 Nxe5 21. dxe5 Be7 22. Qg4 Qc7 23. Nf3 Qc5+ 24. Kh2 Qe3 25. Rad1 d4 26. Qxd4 Qxd4 27. Nxd4 Rd8 28. Nf3 g5 29. Bb1 Bd5 30. Rc1 gxh4 31. Nxh4 Rg8 32. Rf2 Bxh4 33. gxh4 Rxh4+ 34. Kg1 Rhg4 35. Kf1 Rxg2 36. Rxg2 Rxg2 37. Rc2 Rg3 38. Kf2 Rh3 39. Rd2 Kg7 40. Bd3 Kh6 41. Bf1 Rh1 42. b4 axb4 43. axb4 Kg5 44. Rd4 Kf5 45. Bc4 Rh2+ 46. Kg1 Kxe5 47. Rg4 Rb2 48. Bxd5 Kxd5 49. Kf1 Rc2 50. Rg5+ e5 51. Ke1 Rc4 0-1

[Event "SVK-ch"]
[Site "Kezmarok"]
[Date "2022.09.27"]
[Round "5"]
[White "Jurcik, Marian"]
[Black "Danada, Tomas"]
[Result "1-0"]
[WhiteElo "2400"]
[BlackElo "2306"]
[PlyCount "47"]
[EventDate "2022.09.24"]
[EventType "tourn"]
[EventRounds "9"]
[EventCountry "SVK"]
[EventCategory "7"]
[SourceTitle "CBM 210 Extra"]
[Source "ChessBase"]
[SourceDate "2022.11.30"]
[SourceVersion "1"]
[SourceVersionDate "2022.11.30"]
[SourceQuality "1"]

1. e4 c5 2. Nf3 d6 3. d4 cxd4 4. Nxd4 Nf6 5. Nc3 Nc6 6. Bg5 e6 7. Bb5 Bd7 8. Qd3 h6 9. Bh4 Be7 10. 0-0-0 a6 11. Bxc6 bxc6 12. f4 d5 13. e5 Ng8 14. Bf2 c5 15. Nf3 h5 16. f5 d4 17. Ne4 exf5 18. Nd6+ Bxd6 19. exd6 Be6 20. Qa3 Qb6 21. Nxd4 cxd4 22. Bxd4 Qc6 23. Bxg7 Rh7 24. d7+ 1-0

[Event "SVK-ch"]
[Site "Kezmarok"]
[Date "2022.09.26"]
[Round "4"]
[White "Danada, Tomas"]
[Black "Sahidi, Samir"]
[Result "0-1"]
[WhiteElo "2306"]
[BlackElo "2470"]
[PlyCount "58"]
[EventDate "2022.09.24"]
[EventType "tourn"]
[EventRounds "9"]
[EventCountry "SVK"]
[EventCategory "7"]
[SourceTitle "CBM 210 Extra"]
[Source "ChessBase"]
[SourceDate "2022.11.30"]
[SourceVersion "1"]
[SourceVersionDate "2022.11.30"]
[SourceQuality "1"]

1. d4 Nf6 2. c4 e6 3. Nf3 d5 4. Nc3 c6 5. e3 Nbd7 6. Qc2 Bd6 7. Bd3 0-0 8. e4 dxc4 9. Bxc4 e5 10. dxe5 Nxe5 11. Nxe5 Bxe5 12. 0-0 Re8 13. Re1 Qc7 14. g3 Bh3 15. Bf1 Bxf1 16. Kxf1 Re6 17. f3 h5 18. Bg5 Nh7 19. Be3 h4 20. f4 Bxc3 21. bxc3 Nf6 22. e5 Ng4 23. Bc5 hxg3 24. hxg3 Rh6 25. Qf5 Qa5 26. e6 Qb5+ 27. Kg1 fxe6 28. Rxe6 Qb2 29. Rae1 Rh1+ 0-1

[Event "SVK-ch"]
[Site "Kezmarok"]
[Date "2022.09.25"]
[Round "2"]
[White "Danada, Tomas"]
[Black "Pechac, Jergus"]
[Result "0-1"]
[WhiteElo "2306"]
[BlackElo "2620"]
[PlyCount "120"]
[EventDate "2022.09.24"]
[EventType "tourn"]
[EventRounds "9"]
[EventCountry "SVK"]
[EventCategory "7"]
[SourceTitle "CBM 210 Extra"]
[Source "ChessBase"]
[SourceDate "2022.11.30"]
[SourceVersion "1"]
[SourceVersionDate "2022.11.30"]
[SourceQuality "1"]

1. c4 e6 2. g3 d5 3. Bg2 a6 4. cxd5 exd5 5. Nf3 Nf6 6. 0-0 Be7 7. b3 d4 8. Bb2 c5 9. Re1 Nc6 10. e4 Bg4 11. h3 Bh5 12. d3 Nd7 13. Nbd2 Qc7 14. a3 a5 15. Qb1 0-0 16. a4 g5 17. Nc4 h6 18. Bc1 Kh7 19. Ra2 f6 20. Nfd2 Nb4 21. Rb2 Rae8 22. Nf1 Bg6 23. Rbe2 Ne5 24. Nxe5 fxe5 25. g4 h5 26. Ng3 h4 27. Nf5 Bf6 28. Ba3 b6 29. Bxb4 axb4 30. Rc1 Ra8 31. Bf3 Ra5 32. Rb2 Bf7 33. Qc2 Kg6 34. Kg2 Be6 35. Bd1 Be7 36. Qd2 Qb7 37. Kf1 Rfa8 38. Qc2 Bf8 39. Ke2 Kf6 40. Ke1 b5 41. axb5 Qxb5 42. Rcb1 Ra3 43. Qe2 Qb7 44. Qf3 Kg6 45. Qe2 Qf7 46. Qc2 Bd7 47. Qe2 Qf6 48. Qc2 Qc6 49. Qc4 Be6 50. Qc2 R8a6 51. Qe2 Qa8 52. Qc2 R6a5 53. Ke2 Kf6 54. Qd2 c4 55. bxc4 Bxc4 56. dxc4 Qxe4+ 57. Ne3 dxe3 58. Qd8+ Be7 59. Qh8+ Kf7 60. Qh5+ Kg7 0-1

[Event "SVK-ch rapid"]
[Site "Podbanske"]
[Date "2022.09.10"]
[Round "5"]
[White "Danada, Tomas"]
[Black "Schwarz, Dusan"]
[Result "1/2-1/2"]
[WhiteElo "2059"]
[BlackElo "2203"]
[PlyCount "100"]
[EventDate "2022.09.10"]
[EventType "swiss (rapid)"]
[EventRounds "9"]
[EventCountry "SVK"]
[SourceTitle "CBM 210 Extra"]
[Source "ChessBase"]
[SourceDate "2022.11.30"]
[SourceVersion "1"]
[SourceVersionDate "2022.11.30"]
[SourceQuality "1"]

1. d4 f5 2. Nc3 Nf6 3. Bg5 d5 4. e3 e6 5. g4 fxg4 6. Bd3 Nc6 7. h3 g3 8. f4 Bb4 9. Nge2 Bd7 10. a3 Bxc3+ 11. Nxc3 Qe7 12. Rg1 0-0-0 13. Rxg3 Qf7 14. Qf3 Rdf8 15. Bxf6 Qxf6 16. Ke2 Ne7 17. Rag1 g6 18. b4 Nf5 19. Bxf5 Qxf5 20. Kd2 a6 21. Rg5 Qf6 22. Qe2 Rhg8 23. R5g2 h6 24. h4 Qxh4 25. Rxg6 Rxg6 26. Rxg6 Kb8 27. Qg2 Rh8 28. a4 h5 29. b5 axb5 30. axb5 b6 31. Rg5 Rf8 32. Ne2 Rf5 33. Ng1 Bxb5 34. Rxf5 exf5 35. Nf3 Qg4 36. Qxg4 fxg4 37. Nh4 Kc8 38. Ke1 Kd7 39. Kf2 Ke6 40. Kg3 Kf6 41. Ng2 Ba4 42. Ne1 c5 43. c3 Bb3 44. dxc5 bxc5 45. Nd3 Kf5 46. Nxc5 Bc4 47. Kh4 Bb5 48. Kg3 Bc4 49. Kh4 Bb5 50. Kg3 Bc4 1/2-1/2

[Event "Piestany Augustus Cup"]
[Site "Piestany"]
[Date "2022.07.15"]
[Round "3"]
[White "Danada, Tomas"]
[Black "Harvan, Tomas"]
[Result "1-0"]
[WhiteElo "2136"]
[BlackElo "1590"]
[PlyCount "47"]
[EventDate "2022.07.15"]
[EventType "swiss (rapid)"]
[EventRounds "7"]
[EventCountry "SVK"]
[SourceTitle "CBM 209 Extra"]
[Source "ChessBase"]
[SourceDate "2022.09.30"]
[SourceVersion "1"]
[SourceVersionDate "2022.09.30"]
[SourceQuality "1"]

1. d4 Nf6 2. c4 c5 3. d5 b5 4. Nf3 g6 5. cxb5 a6 6. e3 Bg7 7. a4 d6 8. Ra3 0-0 9. Nc3 Nbd7 10. h3 Nb6 11. a5 axb5 12. axb6 Rxa3 13. bxa3 b4 14. axb4 cxb4 15. Na4 Bd7 16. Bc4 Qc8 17. Nd2 Qa8 18. Bb3 Nxd5 19. Bxd5 Qxd5 20. 0-0 Qa2 21. Nb2 Bxb2 22. Qc2 b3 23. Qxb2 Rc8 24. Qxb3 1-0

[Event "Piestany Augustus Cup"]
[Site "Piestany"]
[Date "2022.07.15"]
[Round "4"]
[White "Grom, Stanislav"]
[Black "Danada, Tomas"]
[Result "0-1"]
[WhiteElo "1721"]
[BlackElo "2136"]
[PlyCount "30"]
[EventDate "2022.07.15"]
[EventType "swiss (rapid)"]
[EventRounds "7"]
[EventCountry "SVK"]
[SourceTitle "CBM 209 Extra"]
[Source "ChessBase"]
[SourceDate "2022.09.30"]
[SourceVersion "1"]
[SourceVersionDate "2022.09.30"]
[SourceQuality "1"]

1. d4 d5 2. Bf4 Bg4 3. c3 Nd7 4. Nd2 Ngf6 5. Ngf3 Nh5 6. Bg3 Nxg3 7. hxg3 e6 8. Qc2 Bf5 9. e4 dxe4 10. Nxe4 c5 11. Nh4 cxd4 12. cxd4 Rc8 13. Qe2 Qa5+ 14. Qd2 Bb4 15. Nc3 Rxc3 0-1

[Event "Pasching PlusCity op"]
[Site "Pasching"]
[Date "2022.06.17"]
[Round "3"]
[White "Fridman, Daniel"]
[Black "Danada, Tomas"]
[Result "1-0"]
[WhiteElo "2608"]
[BlackElo "2306"]
[PlyCount "61"]
[EventDate "2022.06.17"]
[EventType "swiss (rapid)"]
[EventRounds "9"]
[EventCountry "AUT"]
[SourceTitle "EXT 2023"]
[Source "ChessBase"]
[SourceDate "2022.10.05"]
[SourceVersion "1"]
[SourceVersionDate "2022.10.05"]
[SourceQuality "1"]

1. d4 Nf6 2. Nf3 d5 3. c4 e6 4. g3 Bb4+ 5. Nc3 0-0 6. Bg2 dxc4 7. 0-0 Nc6 8. Qa4 Bd7 9. Rd1 a6 10. Ne5 Bxc3 11. Nxc6 Bxc6 12. Bxc6 bxc6 13. bxc3 Qd5 14. f3 Qb5 15. Qc2 Rab8 16. e4 Nd7 17. Ba3 Rfd8 18. Rab1 Qa5 19. Bb4 Qg5 20. Qe2 Nb6 21. Kg2 h5 22. h4 Qh6 23. Ba5 Qf6 24. Bxb6 cxb6 25. Qxc4 e5 26. dxe5 Qxe5 27. f4 Qa5 28. e5 Qa3 29. Rxb6 Rxd1 30. Rxb8+ Kh7 31. Qe2 1-0

[Event "SVK-chT1E 2122"]
[Site "Slovakia"]
[Date "2022.05.15"]
[Round "11.3"]
[White "Danada, Tomas"]
[Black "Tropp, Lukas"]
[Result "1/2-1/2"]
[WhiteElo "2302"]
[BlackElo "2147"]
[PlyCount "140"]
[EventDate "2022.01.29"]
[EventType "team-tourn"]
[EventRounds "11"]
[EventCountry "SVK"]
[SourceTitle "EXT 2023"]
[Source "ChessBase"]
[SourceDate "2022.10.05"]
[SourceVersion "1"]
[SourceVersionDate "2022.10.05"]
[SourceQuality "1"]
[WhiteTeam "Dunajov Inbest"]
[BlackTeam "Kosice Slavia TU"]
[WhiteTeamCountry "SVK"]
[BlackTeamCountry "SVK"]

1. Nf3 Nf6 2. c4 c6 3. d4 d5 4. e3 g6 5. Nc3 Bg7 6. Bd3 0-0 7. 0-0 Bg4 8. h3 Bxf3 9. Qxf3 e6 10. Rd1 Nbd7 11. e4 dxe4 12. Nxe4 Nxe4 13. Bxe4 Qe7 14. Qb3 Nf6 15. Bf3 Rfd8 16. Be3 Ne8 17. d5 cxd5 18. cxd5 e5 19. Rac1 e4 20. Be2 Nd6 21. Qb4 Qe5 22. Bd4 Qg5 23. Be3 Qe5 24. Bd4 Qg5 25. Bc5 Be5 26. Bf1 Qf6 27. Rc2 b6 28. Be3 Bf4 29. Bd4 Be5 30. Ba6 Bxd4 31. Rxd4 Rd7 32. Rd1 Rad8 33. Rc6 Qe5 34. Qc3 Qxc3 35. bxc3 Kg7 36. c4 Nf5 37. Bc8 Ne7 38. Bxd7 Rxd7 39. Kh2 Nxc6 40. dxc6 Rc7 41. Rd6 Kf8 42. Rd4 f5 43. g4 Ke7 44. gxf5 gxf5 45. Kg3 Rxc6 46. Kf4 Ke6 47. h4 Rc8 48. Rd5 Rc5 49. Rd4 Ra5 50. Rd2 h6 51. f3 exf3 52. Kxf3 Ra3+ 53. Kf4 Rc3 54. Re2+ Kf6 55. Rd2 Rxc4+ 56. Kg3 Rg4+ 57. Kh3 Ke5 58. Rc2 Ra4 59. Re2+ Kf4 60. Rf2+ Ke4 61. Re2+ Kf3 62. Rc2 Ra3 63. h5 Kf4+ 64. Kh4 b5 65. Rf2+ Ke5 66. Rxf5+ Ke6 67. Rxb5 Ra4+ 68. Kg3 Rxa2 69. Rc5 Rd2 70. Ra5 Rd5 1/2-1/2

[Event "SVK-chT 2122"]
[Site "Slovakia"]
[Date "2022.05.08"]
[Round "8.5"]
[White "Zpevak, Pavel"]
[Black "Danada, Tomas"]
[Result "1/2-1/2"]
[WhiteElo "2358"]
[BlackElo "2266"]
[PlyCount "45"]
[EventDate "2021.10.23"]
[EventType "team-tourn"]
[EventRounds "11"]
[EventCountry "SVK"]
[SourceTitle "EXT 2023"]
[Source "ChessBase"]
[SourceDate "2022.10.05"]
[SourceVersion "1"]
[SourceVersionDate "2022.10.05"]
[SourceQuality "1"]
[WhiteTeam "Dubnica nad Vahom"]
[BlackTeam "Prakovce"]
[WhiteTeamCountry "SVK"]
[BlackTeamCountry "SVK"]

1. d4 Nf6 2. c4 g6 3. Nc3 Bg7 4. Bg5 d6 5. e3 c5 6. d5 h6 7. Bh4 g5 8. Bg3 Qa5 9. Bd3 b5 10. cxb5 Nxd5 11. Nge2 Nxc3 12. Nxc3 Bxc3+ 13. bxc3 Qxc3+ 14. Kf1 Bb7 15. h4 Nd7 16. Rc1 Qg7 17. Qa4 h5 18. Kg1 Nb6 19. Qc2 c4 20. Be2 Rc8 21. a4 c3 22. Qd1 gxh4 23. Rxh4 1/2-1/2

[Event "SVK-chT3A2 2122"]
[Site "Slovakia"]
[Date "2022.03.20"]
[Round "11.1"]
[White "Danada, Tomas"]
[Black "Szitkey, Milan"]
[Result "1-0"]
[WhiteElo "2302"]
[BlackElo "2024"]
[PlyCount "83"]
[EventDate "2021.10.10"]
[EventType "team-tourn"]
[EventRounds "11"]
[EventCountry "SVK"]
[SourceTitle "EXT 2024"]
[Source "ChessBase"]
[SourceDate "2023.10.10"]
[SourceVersion "1"]
[SourceVersionDate "2023.10.10"]
[SourceQuality "1"]
[WhiteTeam "Gbely Nafta"]
[BlackTeam "Trnava Lokomotiva"]
[WhiteTeamCountry "SVK"]
[BlackTeamCountry "SVK"]

1. c4 Nf6 2. Nf3 g6 3. Nc3 d5 4. cxd5 Nxd5 5. h4 Bg7 6. h5 Nxc3 7. bxc3 c5 8. Rb1 Nc6 9. e4 Qc7 10. Bc4 0-0 11. Qe2 Bg4 12. hxg6 hxg6 13. Qe3 Na5 14. Be2 Rfd8 15. Qg5 Be6 16. Rb5 b6 17. Qh4 Bc4 18. Bxc4 Nxc4 19. d4 Bf6 20. Bg5 Qc6 21. a4 cxd4 22. cxd4 Na3 23. Bxf6 Qxf6 24. Qh7+ Kf8 25. Rb2 Rac8 26. 0-0 Nc2 27. e5 Qg7 28. Qh4 Rc4 29. Rd1 Nb4 30. Qe4 Nd5 31. Qh4 Rxa4 32. Rb3 Rc4 33. Kf1 a5 34. Rbd3 b5 35. Ng5 Nc3 36. Nh7+ Ke8 37. Nf6+ Kf8 38. Rc1 b4 39. Rh3 exf6 40. exf6 Qg8 41. Re1 Ne2 42. Re3 1-0

[Event "SVK-chT2A 2122"]
[Site "Slovakia"]
[Date "2022.03.05"]
[Round "5.1"]
[White "Jancovic, Peter"]
[Black "Danada, Tomas"]
[Result "1/2-1/2"]
[WhiteElo "2293"]
[BlackElo "2284"]
[PlyCount "81"]
[EventDate "2021.10.16"]
[EventType "team-tourn"]
[EventRounds "11"]
[EventCountry "SVK"]
[SourceTitle "EXT 2023"]
[Source "ChessBase"]
[SourceDate "2022.10.05"]
[SourceVersion "1"]
[SourceVersionDate "2022.10.05"]
[SourceQuality "1"]
[WhiteTeam "Piestany Kupele"]
[BlackTeam "Modra II"]
[WhiteTeamCountry "SVK"]
[BlackTeamCountry "SVK"]

1. d4 Nf6 2. c4 c5 3. Nf3 cxd4 4. Nxd4 e5 5. Nb3 d5 6. cxd5 Qxd5 7. Qxd5 Nxd5 8. Nc3 Nxc3 9. bxc3 Be7 10. g3 Bd7 11. Bg2 Bc6 12. 0-0 Bxg2 13. Kxg2 Nc6 14. a4 0-0-0 15. Be3 Rd5 16. Rfb1 Rhd8 17. Ra2 Rd1 18. Rbb2 R8d5 19. h4 f5 20. Nd2 f4 21. gxf4 exf4 22. Bxf4 Bxh4 23. Rb5 Ne7 24. e4 Rd7 25. Nf3 Ng6 26. Be3 a6 27. Rh5 Bf6 28. Rxh7 Re7 29. e5 Nxe5 30. Nxe5 Rxe5 31. Rb2 Re4 32. a5 Re5 33. Rb4 Rxa5 34. Rh8+ Rd8 35. Rc4+ Kb8 36. Bf4+ Ka7 37. Rxd8 Bxd8 38. Rc8 Bb6 39. Bb8+ Ka8 40. Bg3+ Ka7 41. Bb8+ 1/2-1/2

[Event "SVK-chT1E 2122"]
[Site "Slovakia"]
[Date "2022.02.27"]
[Round "5.2"]
[White "Kusiak, Matej"]
[Black "Danada, Tomas"]
[Result "1-0"]
[WhiteElo "2243"]
[BlackElo "2332"]
[PlyCount "83"]
[EventDate "2022.01.29"]
[EventType "team-tourn"]
[EventRounds "11"]
[EventCountry "SVK"]
[SourceTitle "EXT 2023"]
[Source "ChessBase"]
[SourceDate "2022.10.05"]
[SourceVersion "1"]
[SourceVersionDate "2022.10.05"]
[SourceQuality "1"]
[WhiteTeam "Humenne Reinter II"]
[BlackTeam "Dunajov Inbest"]
[WhiteTeamCountry "SVK"]
[BlackTeamCountry "SVK"]

1. e4 c5 2. Nf3 Nc6 3. Bb5 e6 4. Bxc6 bxc6 5. 0-0 Ne7 6. d3 Ng6 7. Nc3 e5 8. Ne2 Be7 9. c3 0-0 10. d4 cxd4 11. cxd4 d6 12. dxe5 dxe5 13. Qxd8 Rxd8 14. Nc3 Bg4 15. Be3 Bxf3 16. gxf3 Bd6 17. Kg2 f5 18. exf5 Nh4+ 19. Kh3 Nxf5 20. Ne4 Rab8 21. b3 Nd4 22. Rac1 Rb6 23. Rfd1 Ra6 24. Bxd4 exd4 25. Rxd4 Be7 26. Rxd8+ Bxd8 27. Rc2 Be7 28. f4 Kf7 29. Kg4 h6 30. f5 Bb4 31. f4 Be7 32. h4 Rb6 33. h5 Rb4 34. Kf3 Rb6 35. Nf2 Kf6 36. Ke4 Rb4+ 37. Rc4 Rxc4+ 38. bxc4 Ba3 39. Ng4+ Ke7 40. f6+ gxf6 41. Nxh6 Ke6 42. Nf5 1-0

[Event "CZE-chT2E 2122"]
[Site "Czech Republic"]
[Date "2022.01.16"]
[Round "6.1"]
[White "Bures, Jaroslav"]
[Black "Danada, Tomas"]
[Result "1-0"]
[WhiteElo "2405"]
[BlackElo "2284"]
[PlyCount "95"]
[EventDate "2021.10.17"]
[EventType "team-tourn"]
[EventRounds "11"]
[EventCountry "CZE"]
[SourceTitle "EXT 2024"]
[Source "ChessBase"]
[SourceDate "2023.10.10"]
[SourceVersion "1"]
[SourceVersionDate "2023.10.10"]
[SourceQuality "1"]
[WhiteTeam "Jundrov Jezdci II"]
[BlackTeam "Orechov Orel"]
[WhiteTeamCountry "CZE"]
[BlackTeamCountry "CZE"]

1. e4 c5 2. Nf3 Nc6 3. d4 cxd4 4. Nxd4 e5 5. Nb5 d6 6. N1c3 a6 7. Na3 Be7 8. Nd5 Nf6 9. Be3 Nxd5 10. exd5 Nd4 11. Bxd4 exd4 12. Qxd4 0-0 13. 0-0-0 Bf6 14. Qd2 b5 15. Kb1 Re8 16. Bd3 Bb7 17. Rhe1 Qb6 18. c3 Rxe1 19. Rxe1 Qc5 20. Be4 g6 21. Nc2 Re8 22. Bf3 Rxe1+ 23. Nxe1 Qc4 24. g3 Bc8 25. Qe2 Bf5+ 26. Ka1 Qc5 27. g4 Bd7 28. h3 a5 29. Nd3 Qc4 30. Qe4 Bh4 31. a3 Kg7 32. Qe3 Bg5 33. Qxg5 Qxd3 34. Qf4 Qf1+ 35. Ka2 Qxf2 36. Qxd6 Qxf3 37. Qxd7 Qd3 38. Qc6 Qe2 39. a4 bxa4 40. Qxa4 Qa6 41. Qd4+ Qf6 42. Qxf6+ Kxf6 43. Kb3 Ke5 44. c4 f5 45. gxf5 g5 46. Kc3 h5 47. Kd3 Kxf5 48. d6 1-0

[Event "Titled Tuesday intern op 11th Jan"]
[Site "Chess.com INT"]
[Date "2022.01.11"]
[Round "5"]
[White "Galiana Salom, Juan Ramon"]
[Black "Danada, Tomas"]
[Result "0-1"]
[WhiteElo "2163"]
[BlackElo "2345"]
[PlyCount "46"]
[EventDate "2022.01.11"]
[EventType "swiss (blitz)"]
[EventRounds "11"]
[EventCountry "USA"]
[SourceTitle "CBM 206 Extra"]
[Source "ChessBase"]
[SourceDate "2022.03.31"]
[SourceVersion "1"]
[SourceVersionDate "2022.03.31"]
[SourceQuality "1"]

1. e4 c5 2. Nf3 Nc6 3. d4 cxd4 4. Nxd4 e5 5. Nb5 d6 6. N1c3 a6 7. Na3 Be7 8. Nd5 Nf6 9. Nxe7 Qxe7 10. Nc4 Nxe4 11. f3 Qh4+ 12. g3 Nxg3 13. hxg3 Qxg3+ 14. Ke2 Nd4+ 15. Kd3 Bf5+ 16. Kc3 Rc8 17. Kb4 Nxc2+ 18. Ka5 Rc5+ 19. Kb6 Rb5+ 20. Ka7 Qf2+ 21. Be3 Nxe3 22. Nxd6+ Ke7 23. Bxb5 Nd5+ 0-1

[Event "Titled Tuesday intern op 11th Jan"]
[Site "Chess.com INT"]
[Date "2022.01.11"]
[Round "6"]
[White "Nanditha, V."]
[Black "Danada, Tomas"]
[Result "1-0"]
[WhiteElo "1644"]
[BlackElo "2345"]
[PlyCount "59"]
[EventDate "2022.01.11"]
[EventType "swiss (blitz)"]
[EventRounds "11"]
[EventCountry "USA"]
[SourceTitle "CBM 206 Extra"]
[Source "ChessBase"]
[SourceDate "2022.03.31"]
[SourceVersion "1"]
[SourceVersionDate "2022.03.31"]
[SourceQuality "1"]

1. e4 c5 2. Nf3 Nc6 3. Bb5 Nf6 4. Qe2 d6 5. c3 Bg4 6. h3 Bxf3 7. Qxf3 a6 8. Ba4 e5 9. 0-0 Be7 10. d3 0-0 11. Bg5 b5 12. Bc2 h6 13. Bh4 Nd7 14. Bg3 Bg5 15. Rd1 g6 16. Nd2 f5 17. exf5 Ne7 18. h4 Rxf5 19. Qe2 Bxd2 20. Rxd2 Rf6 21. d4 exd4 22. cxd4 cxd4 23. Rxd4 Qb6 24. Rad1 Ne5 25. Bxe5 dxe5 26. Qxe5 Nf5 27. Bb3+ Kh8 28. Rd6 Nxd6 29. Qxf6+ Kh7 30. Rxd6 1-0